• 首页
  • 本馆介绍
  • 公告通知
  • 最新文献
  • 馆藏检索
  • 电子资源
  • 读者导购
  • 参考咨询
  • 我的图书馆
  • 登录
  • 详细信息显示
  • 放入我的书架
  • 预约/预借图书
  • 作者相关作品
  • 分类相关作品
  • 丛书相关作品
  • 出版社相关作品

书目信息

  • 表格格式
  • 工作单格式
  • 卡片格式
题名:
大唐西域记
    
 
作者: 玄奘 , 汪大渊 撰
分册:  
出版信息: 北京   蓝天出版社  1998
页数: 257页
开本: 19cm
丛书名: 传世名著百部
单 册:
中图分类: K935.06 , K930.6
科图分类:
主题词: 历史地理--西域--唐代 , 历史地理--亚洲--古代
电子资源:
ISBN: 7-80081-834-9
000 00858oam2 2200289 450
001 1549785279
005 20150117135034.12
010    @a7-80081-834-9@dCNY15.60
100    @a20021005d1998 emky0chiy0110 ea
101 0  @achi
102    @aCN@b110000
105    @ay z 000yy
200 1  @a大唐西域记@9da tang xi yu ji@c岛夷志略@f(唐)玄奘撰@f(元)汪大渊著
210    @a北京@c蓝天出版社@d1998
215    @a257页@d19cm
225 2  @a传世名著百部@v16@i历史与史学名著
300    @a大唐西域记,简称:西域记
461  0 @12001 @a传世名著百部
517 1  @a岛夷志略@9dao yi zhi lue
606 0  @a历史地理@x西域@z唐代
606 0  @a历史地理@y亚洲@z古代
690    @aK935.06@v5
690    @aK930.6@v5
701  0 @c(唐释)@a玄奘@9xuan zang@f(602~664)@4撰
701  0 @a汪大渊@9wang da yuan@4著
801  0 @aCN@bTSSF@c20150117
905    @aZUCC@dK935.06@eJY3:16
    
    大唐西域记.岛夷志略/(唐)玄奘撰/(元)汪大渊著.-北京:蓝天出版社,1998
    257页;19cm.-(传世名著百部;16.历史与史学名著)
    大唐西域记,简称:西域记
    
    ISBN 7-80081-834-9:CNY15.60
    
●
相关链接 在E读中查询图书 在五车中查询图书 在当当中查询图书 在豆瓣中查询图书


正题名:大唐西域记     索取号:K935.06/JY3:16         预约/预借

序号 登录号 条形码 馆藏地/架位号 状态 备注
1 7852971   278529718   学院路分馆/ [索取号:K935.06/JY3:16] 在馆    
唐山师范学院图书馆 欢迎您!
大连网信软件有限公司© 版权所有